Govt. of
Madhya Pradesh

Normal view MARC view

Entry Topical Term

Number of records used in: 1

001 - CONTROL NUMBER

  • control field: 71305

003 - CONTROL NUMBER IDENTIFIER

  • control field: OSt

005 - DATE AND TIME OF LATEST TRANSACTION

  • control field: 20180313161303.0

008 - FIXED-LENGTH DATA ELEMENTS

  • fixed length control field: 180313|| aca||aabn | a|a d

040 ## - CATALOGING SOURCE

  • Original cataloging agency: OSt
  • Transcribing agency: OSt

150 ## - HEADING--TOPICAL TERM

  • Topical term or geographic name entry element: साहित्‍य

670 ## - SOURCE DATA FOUND

  • Source citation: Work cat.: (OSt)19842: भारत यायावर 42147, हिन्‍दी की अनस्थ्रिता एक ऐतिहासिक बहस , 1993